Library Logo

Pioneer International University Library Catalogue

TORCH BIBLE COMMENTARIES (Record no. 9708)

MARC details
000 -LEADER
fixed length control field 00439nam a22001697a 4500
003 - CONTROL NUMBER IDENTIFIER
control field OSt
005 - DATE AND TIME OF LATEST TRANSACTION
control field 20251028114500.0
008 - FIXED-LENGTH DATA ELEMENTS--GENERAL INFORMATION
fixed length control field 251028b |||||||| |||| 00| 0 eng d
020 ## - INTERNATIONAL STANDARD BOOK NUMBER
International Standard Book Number 334005388
040 ## - CATALOGING SOURCE
Transcribing agency SCM PRESS LTD
050 ## - LIBRARY OF CONGRESS CALL NUMBER
Classification number BS 1235.3 .R5 1953
245 ## - TITLE STATEMENT
Title TORCH BIBLE COMMENTARIES
Remainder of title GENESIS 1-11
Statement of responsibility, etc. RICHARDSON ,ALAN
250 ## - EDITION STATEMENT
Edition statement 9TH EDITION
260 ## - PUBLICATION, DISTRIBUTION, ETC.
Place of publication, distribution, etc. LONDON
Name of publisher, distributor, etc. SCM PRESS LTD
Date of publication, distribution, etc. 1953
490 ## - SERIES STATEMENT
International Standard Serial Number 33400538
942 ## - ADDED ENTRY ELEMENTS (KOHA)
Source of classification or shelving scheme Library of Congress Classification
Koha item type Books
Suppress in OPAC No
Holdings
Withdrawn status Lost status Source of classification or shelving scheme Damaged status Not for loan Home library Current library Date acquired Total checkouts Date last seen Price effective from Koha item type Barcode
    Library of Congress Classification     PIU Library PIU Library 10/28/2025   10/28/2025 10/28/2025 Books  
    Library of Congress Classification     PIU Library PIU Library 10/30/2025   10/30/2025 10/30/2025 Books PIUDMUR720